Mentally retarded children : An Intensive study of 100 cases (Record no. 413640)

000 -LEADER
fixed length control field 00394cam a22001217a 4500
008 - FIXED-LENGTH DATA ELEMENTS--GENERAL INFORMATION
fixed length control field 180718b1972 xxu||||| |||| 00| 0 eng d
082 ## - DEWEY DECIMAL CLASSIFICATION NUMBER
Classification number Q65x54 T321
100 ## - MAIN ENTRY--PERSONAL NAME
Personal name Bombay : Popular
245 ## - TITLE STATEMENT
Title Mentally retarded children : An Intensive study of 100 cases
Statement of responsibility, etc. By Popular
260 ## - PUBLICATION, DISTRIBUTION, ETC.
Place of publication, distribution, etc. Bombay
Name of publisher, distributor, etc. Popular
Date of publication, distribution, etc. 1972
300 ## - PHYSICAL DESCRIPTION
Extent 103p.
650 ## - SUBJECT ADDED ENTRY--TOPICAL TERM
Topical term or geographic name entry element Children with mental disabilities -- India -- Case studies
Holdings
Withdrawn status Lost status Damaged status Not for loan Permanent Location Current Location Date acquired Full call number Barcode Date last seen Price effective from Koha item type
        Indian Institute of Public Administration Indian Institute of Public Administration 2009-02-17 Q65x54 T321 U119 2018-07-21 2018-07-21 U

Powered by Koha